| 000 | 00574nam a22001937a 4500 | ||
|---|---|---|---|
| 003 | KOHA_MİRAKIL | ||
| 005 | 20251221135232.0 | ||
| 008 | 251221b tu ||||| |||| 00| 0 tur d | ||
| 020 | _a9786259865225 | ||
| 040 |
_aTR-AnABB _btur _cTR-AnABB |
||
| 041 | _atur | ||
| 082 |
_a364.1523 _bYIL 2023 |
||
| 100 | 1 | _aYıldız, Seda Öz, | |
| 245 | 1 | 0 |
_aİstatistiklerle Türkiye'de kadın cinayetleri 2019 - 2022 / _cSeda Öz Yıldız |
| 260 |
_aAnkara : _bPolis Akademisi, _c2023 |
||
| 300 |
_a169 sayfa ; _c24 cm |
||
| 650 | 0 | 4 | _aKadın cinayetleri |
| 942 |
_2ddc _cBK |
||
| 999 |
_c9838 _d9838 |
||
| 900 | _bGizem YORULMAZ | ||